Goalscorers in UCL Finals since 2000 - Statistics

General Stats
  • This quiz has been taken 120 times
  • The average score is 39 of 54
Answer Stats
Nationality Position Player % Correct
ARGENTINA RW Lionel Messi
97%
MOROCCO RB Achraf Hakimi
95%
PORTUGAL ST/LW Cristiano Ronaldo
95%
WALES LW Gareth Bale
95%
EGYPT RW Mohamed Salah
95%
FRANCE LW/RW Desiré Doué
93%
IVORY COAST ST Didier Drogba
93%
BRAZIL LW Neymar
93%
SPAIN CDM Rodri
92%
BRAZIL LW Vinicius Junior
92%
URUGUAY ST Luis Suarez
91%
SENEGAL LW Sadio Mané
91%
FRANCE ST Karim Benzema
90%
SPAIN RB Daniel Carvajal
89%
GERMANY ST/CAM Kai Havertz
89%
GEORGIA LW Khvicha Kvaratskhelia
89%
SPAIN CB Sergio Ramos
89%
GERMANY CAM/ST Thomas Muller
87%
NETHERLANDS RW Arjen Robben
86%
FRANCE LW Kingsley Coman
85%
BRAZIL LB Marcelo
85%
BRAZIL CDM Casemiro
84%
CROATIA ST Mario Mandzukic
84%
CAMEROON ST Samuel Eto'o
83%
CROATIA CM Ivan Rakitic
81%
SPAIN ST David Villa
79%
ITALY CB/LB Paolo Maldini
78%
URUGUAY CB Diego Godin
77%
ENGLAND ST Wayne Rooney
76%
FRANCE CAM Zinedine Zidane
74%
BELGIUM ST Divock Origi
73%
ENGLAND CM Steven Gerrard
72%
SPAIN RW Pedro
71%
ITALY ST Filippo Inzaghi
70%
SPAIN ST Alvaro Morata
69%
ARGENTINA ST Diego Milito
69%
ENGLAND CM Frank Lampard
69%
SPAIN CAM Marco Asensio
67%
FRANCE CM Senny Mayulu
67%
SPAIN ST Raul
63%
GERMANY CM Ilkay Gundogan
61%
SPAIN CM Xabi Alonso
61%
BELGIUM LW Yannick Carrasco
58%
PORTUGAL CAM Deco
57%
ARGENTINA ST Hernan Crespo
57%
ENGLAND CB Sol Campbell
44%
NETHERLANDS RW Dirk Kuyt
41%
BRAZIL CB Lucio
36%
BRAZIL RB Juliano Belletti
33%
CZECH REPUBLIC CM Vladimir Smicer
29%
BRAZIL CM Carlos Alberto
20%
SPAIN CM Gaizka Mendieta
20%
GERMANY CM Stefan Effenberg
20%
RUSSIA CM Dimitriy Alenichev
19%
No matching quizzes found
Score Distribution
Percent of People with Each Score
Percentile by Number Answered
Your Score History
You have not taken this quiz